| 000 | 00655nam a22002057a 4500 | ||
|---|---|---|---|
| 001 | 000009204 | ||
| 005 | 20200929161522.0 | ||
| 008 | 900802s1983 cu a 000 0 spa | ||
| 010 | _a 90181457 | ||
| 040 |
_aDO-SdBNP _cDLC _dBNPHU |
||
| 082 |
_aCu863.44 _bN964p |
||
| 100 | 1 |
_aNúñez Jiménez, Antonio. _94130 |
|
| 245 | 1 | 0 |
_aPedro en el laberinto de las doce leguas / _cAntonio Núñez Jiménez. |
| 260 |
_aCiudad de La Habana, Cuba : _bGente Nueva, _cc1983 _g(1985 printing) |
||
| 300 |
_a164 p. : _bill. ; _c19 cm. |
||
| 650 | 4 |
_aNovela cubana _92316 |
|
| 650 | 4 |
_aLiteratura cubana _91483 |
|
| 910 | _aCatalogación por copia / LC | ||
| 049 | _aBNGR | ||
| 999 |
_c8967 _d8967 |
||